000 00345 a2200109 4500
001 ART_11182
005 20260410161855.0
008 260409a
245 1 0 _aEl papel del estado en la evolución del Análisis económico
100 1 _aDi Marco, Luis Eugenio
773 0 _tRevista de Economía
_g- Nº 36 (mar. 1983)
_wREV11077
999 _c25376
_d25376